Con el permiso del guardián del tiempo : (Registro nro. 7998)

Detalles MARC
000 -CABECERA
campo de control de longitud fija 01941nam a2200349 a 4500
001 - NÚMERO DE CONTROL
campo de control 000007413
003 - IDENTIFICADOR DEL NÚMERO DE CONTROL
campo de control DO-SdBPM
005 - FECHA Y HORA DE LA ÚLTIMA TRANSACCIÓN
campo de control 20251009102828.0
007 - CAMPO FIJO DE DESCRIPCIÓN FÍSICA--INFORMACIÓN GENERAL
campo de control de longitud fija ta
008 - DATOS DE LONGITUD FIJA--INFORMACIÓN GENERAL
campo de control de longitud fija 090908s2001 dr a 001 0 spa d
040 ## - FUENTE DE LA CATALOGACIÓN
Centro catalogador/agencia de origen DO-SdBPM
Lengua de catalogación spa
Centro/agencia transcriptor BPMSU
Normas de descripción rda
Centro/agencia modificador
082 #4 - NÚMERO DE LA CLASIFICACIÓN DECIMAL DEWEY
Número de clasificación 868.44
Número de documento/Ítem C117c 2001
Número de edición 22
100 1# - ENTRADA PRINCIPAL--NOMBRE DE PERSONA
Nombre de persona Cabral, Manuel del
Fechas asociadas al nombre 1907-1999.
Títulos y otros términos asociados al nombre autor
245 10 - MENCIÓN DE TÍTULO
Título Con el permiso del guardián del tiempo :
Resto del título textos inéditos /
Mención de responsabilidad, etc. Manuel del Cabral ; prólogo Diógenes Céspedes ; presentación Carlos Esteban Deive.
264 ## - PRODUCCIÓN, PUBLICACIÓN, DISTRIBUCIÓN, FABRICACIÓN Y COPYRIGHT
Producción, publicación, distribución, fabricación y copyright Santo Domingo :
Nombre del de productor, editor, distribuidor, fabricante Comisión Permanente de la Feria del Libro,
Fecha de producción, publicación, distribución, fabricación o copyright 2001.
300 ## - DESCRIPCIÓN FÍSICA
Extensión 247 páginas :
Otras características físicas ilustraciones ;
Dimensiones 26 cm.
336 ## - TIPO DE CONTENIDO
Término de tipo de contenido texto
Código de tipo de contenido txt
Fuente rdacontent
337 ## - TIPO DE MEDIO
Nombre/término del tipo de medio sin mediación
Código del tipo de medio n
Fuente rdamedia
338 ## - TIPO DE SOPORTE
Nombre/término del tipo de soporte volumen
Código del tipo de soporte nc
Fuente rdacarrier
500 ## - NOTA GENERAL
Nota general Esta edición fue realizada con motivo de la IV Feria Internacional del Libro Santo Domingo 2001 en homenaje a Manuel del Cabral
500 ## - NOTA GENERAL
Nota general Incluye datos biográficos del autor en la solapa de la cubierta
505 2# - NOTA DE CONTENIDO CON FORMATO
Título Presentación --
-- En homenaje a Manuel del Cabral /
Mención de responsabilidad Carlos Esteban Deive --
Título Prólogo /
Mención de responsabilidad Diógenes Céspedes --
Título El exterior --
-- Un homenaje --
-- Doña Víctoria /
Mención de responsabilidad sur y Cabral --
Título Una parábola y dos anécdotas --
-- Don Pedro y Trujillo --
-- Trujillo, MArio y un "Del" --
-- Cuatro en la lista negra --
-- 5 retablos al borde de la sátira --
-- Dos retratos con lejanías y una sátira terrestre --
-- 6 retratos con sátira pero un poco sin ella --
-- Un homenaje a Machado --
-- La cultura del diablo.
590 ## - NOTA LOCAL (RLIN)
Nota local Inventariado, 2025/VM
600 17 - PUNTO DE ACCESO ADICIONAL DE MATERIA--NOMBRE DE PERSONA
Nombre de persona Cabral, Manuel del,
Fechas asociadas al nombre 1907-1999
Subdivisión de forma Colecciones de escritos
650 #7 - PUNTO DE ACCESO ADICIONAL DE MATERIA--TÉRMINO DE MATERIA
Término de materia o nombre geográfico como elemento de entrada Poesía dominicana
Fuente del encabezamiento o término
650 #7 - PUNTO DE ACCESO ADICIONAL DE MATERIA--TÉRMINO DE MATERIA
Término de materia o nombre geográfico como elemento de entrada Ensayos dominicanos
650 #7 - PUNTO DE ACCESO ADICIONAL DE MATERIA--TÉRMINO DE MATERIA
Término de materia o nombre geográfico como elemento de entrada Poetas dominicanos
Subdivisión de forma Colecciones de escritos.
700 1# - PUNTO DE ACCESO ADICIONAL--NOMBRE DE PERSONA
Nombre de persona Céspedes, Diógenes
Término indicativo de función/relación prólogo
700 1# - PUNTO DE ACCESO ADICIONAL--NOMBRE DE PERSONA
Nombre de persona Deive, Carlos Esteban
Término indicativo de función/relación presentación
910 ## - DATOS DE OPCIÓN DEL USUARIO (OCLC)
Datos de opción del usuario VMateo V. Control de calidad. BPMSU
942 ## - ELEMENTOS DE PUNTO DE ACCESO ADICIONAL (KOHA)
Fuente del sistema de clasificación o colocación Dewey Decimal Classification
Tipo de ítem Koha Libros
Existencias
Estado de retiro Estado de pérdida Fuente del sistema de clasificación o colocación No para préstamo Código de colección Localización permanente Ubicación/localización actual Fecha de adquisición Total de préstamos Signatura topográfica completa Código de barras Fecha visto por última vez Precio válido a partir de Tipo de ítem Koha
    Dewey Decimal Classification   Colección Dominicana Biblioteca Pública Metropolitana Salomé Ureña Biblioteca Pública Metropolitana Salomé Ureña 07/22/2015   BPMSU CD 868.44 C117c 2001 BPMSU15070328 07/22/2015 07/22/2015 Libros